Crítica de la razón pura /

Guardado en:
Autor Principal: Kant, Immanuel.
Otros Autores: Villacañas, José Luis ; pról.
Formato: Libro
Idioma:Undetermined
Publicado: Madrid : Gredos, 2014.
Series:Grandes pensadores
Materias:
Etiquetas: Agregar Etiqueta
Sin Etiquetas, Sea el primero en etiquetar este registro!
LEADER 01764nam a22002055a 4500
001 CEM.cems020621
008 231109s2014####sp############000#0#und#d
005 20231109161452.0
245 1 0 |a Crítica de la razón pura /  |c Immanuel Kant ; estudio introductorio por José Luis Villacañas. 
260 |a Madrid :  |b Gredos,  |c 2014. 
300 |a 640 p. 
490 1 |a Grandes pensadores 
505 0 |a Estudio introductorio (Una discreta y obstinada heroicidad: biografía intelectual de Kant -- Un burgués europeo -- Hogar y escuela, o dos versiones del pietismo -- Formación universitaria de Kant -- Aprender maneras y saber esperar -- Años de indecisión -- Rousseau y Herder -- Muerte y vanidad -- El dualismo cristaliza -- La obra crítica -- Por fin, la moral -- La batalla por la Ilustración -- Seres naturales -- Seres morales -- Tiempos calientes -- Contra los leibnizianos -- Perfilando las cuestiones prácticas -- Los últimos años -- Kant como filósofo moderno: progreso y revolución copernicana -- El problema de la secularización -- La historia de la razón como parte del sistema de la razón -- Revolución en la metafísica y la estructura de síntesis -- Revolución copernicana en la estética trascendental -- Revolución copernicana en la analítica trascendental -- Revolución copernicana en metafísica) -- Crítica de la razón pura (La estética trascendental -- La lógica trascendental -- La analítica trascendental -- Dialéctica trascendental -- Doctrina trascendental del método). 
020 |a 9788447377121 
100 1 |a Kant, Immanuel. 
700 1 |a Villacañas, José Luis ; pról. 
653 |a Filosofía 
653 |a Filosofía alemana 
653 |a Idealismo alemán 
859 |a CEMS  |b BIB. CEMS - 11 de abril  |h 193  |i K134  |p 29746.23  |t Ej. 1